00559nam a2200145 4500001000700000003000900007005001700016007000300033008004100036100002400077245020100101260004600302300003100348852003400379116071ES-MaACL20230906190627.0t|061121s1948 sp r ||||1| spa d1 aOrts Román, Juan.10aDesventura y misterio de la esfinge de La Alcudia b: treinta minutos junto a la Dama de Elche en su fiesta celebrada en el Huerto del Cura, la noche del 4 de agosto de 1947 / cJuan Orts Román. aElche : b[s.n.], c1948 (fTip. Moderna) a52 p., 1 lám. ; c18 cm. aES-MaACLj1860-F-26 bR.26084